Представление документа в формате RUSMARC

ПолеНазваниеЗначение
  Тип записи a
  Библиографический уровень m
001 Контрольный номер 6ba5a249e03c4eec9a1a5aa64618cc56
005 Дата корректировки 20140506155513.5
200 Заглавие и сведения об ответственности __
a Заглавие Посреднические операции: Бухгалтерский учет, налоги, право
210 Выходные данные __
a Место издания М.
c Издательство Книжный мир
d Дата издания 2000
215 Физическое описание __
a Объем 157 с.
225 Серия __
a Серия Библиотека журнала "Консультант директора"
606 Тематические рубрики __
a Основная рубрика Бухгалтерский учет. Аудит
686 Индексы других классификаций __
a Классификационный индекс 65.052.23
2 Код системы rubbk
700 Автор __
a Фамилия Джаарбеков
b Имя С. М.
899 Данные о местонахождении __
j Расстановочный фильтр 65.052.23
c Местонахождение стеллажа (устаревшее) 65.052.23
i Авторский знак Д 40
938 Служебная информация __
a Название организации Волгоградский филиал
b Имя БД Каталог_ВКИ
c Название АИБС АИБС МАРК-SQL